000 00761cam a22002411a 4500
001 k 68000562
003 DLC
005 20260227111525.0
008 990730s1949 ko 00010 kor
010 _ak 68000562
035 _a(CStRLIN)DCLP99-B9681
040 _aDLC
_cDLC-R
050 0 0 _aPL970
_b.Y3
066 _c$1
100 1 _6880-01
_aYang, Chu-dong,
_d1903-
245 1 0 _6880-02
_aKungmunhak chʻŏnghwa /
_cYang Chu-dong chʻan.
260 _6880-03
_aSŏul :
_bMinjung Sŏgwan,
_c1949.
300 _a1 v. (various paging) ;
_c21 cm.
650 0 _aKorean literature.
880 1 _6100-01/$1
_a梁 柱東,
_d1903-
880 1 0 _6245-02/$1
_a國文學 菁華 /
_c梁 柱東 撰.
880 _6260-03/$1
_a서울 :
_b民衆 書館,
_c1949.
999 _c35434
_d35434